000 00296nam a22001337a 4500
008 181221b xxu||||| |||| 00| 0 eng d
020 _a9780321104137
041 _aeng
080 _22nd
_a371
100 _a46
101 _aEDU
245 _aThe Reader's Handbook
_cSmith,B.D
942 _2udc
_cBK
999 _c53658
_d53658